Monnaie, croissance, et déséquilibre / (Record no. 13607)

000 -LEADER
fixed length control field 00479nam a2200157 a 4500
020 ## - INTERNATIONAL STANDARD BOOK NUMBER
ISBN 2717808949 :
040 ## - CATALOGING SOURCE
Transcribing agency DLC
082 00 - DEWEY DECIMAL CLASSIFICATION NUMBER
Classification number 339 ECO 1985 A010 Or.
100 1# - MAIN ENTRY--AUTHOR NAME
Personal name Autume, Antoine d'.
245 10 - TITLE STATEMENT
Title Monnaie, croissance, et déséquilibre /
260 ## - PUBLICATION, DISTRIBUTION, ETC. (IMPRINT)
Place of publication Paris :
Name of publisher Economica,
Year of publication c1985.
300 ## - PHYSICAL DESCRIPTION
Number of Pages 264 p. :
Other physical details ill. ;
Dimensions 24 cm.
500 ## - GENERAL NOTE
General note Originally presented as the author's thesis (doctoral)--Université Paris-II, 1980.
650 #0 - SUBJECT ADDED ENTRY--TOPICAL TERM
Topical Term Equilibrium (Economics)
942 ## - ADDED ENTRY ELEMENTS (KOHA)
Koha item type សៀវភៅភាសាបារាំង
952 ## - LOCATION AND ITEM INFORMATION (KOHA)
Withdrawn status [LOCAL, KOHA] 0
Holdings
Permanent Location Date acquired Koha item type Lost status Shelving location Barcode Current Location Full call number
Library Block A2017-08-29សៀវភៅភាសាបារាំង A010A18704Library Block A339 ECO 1985 A010 Or.
មជ្ឈមណ្ឌលឯការនៃសាកលវិទ្យាល័យភូមិន្ទកសិកម្មចំការដូង

Powered by Koha